| 000 | 03011cam a22005531i 4500 | ||
|---|---|---|---|
| 001 | BDZ0048142652 | ||
| 003 | StDuBDS | ||
| 005 | 20230206131153.0 | ||
| 006 | m || d | | ||
| 007 | cr ||||||||||| | ||
| 008 | 230206s2021 enka ob 001|0|eng|d | ||
| 010 | _a2021013399 | ||
| 020 |
_a9781000441840 (ePub ebook) : _c49.99 |
||
| 020 |
_z9780367503406 (hbk.) : _c120.00 |
||
| 020 |
_a9781000441802 (PDF ebook) : _a9781003049555 (ebook) : _c49.99 _c49.99 _c49.99 _z9780367503413 (pbk.) : |
||
| 040 | _aStDuBDS | ||
| 072 | 7 |
_aKC _2bicssc |
|
| 072 | 7 |
_aRN _2bicssc |
|
| 082 | 0 | 4 | _a333.3320994 |
| 130 | 0 | _aValuation principles and practice. | |
| 245 | 1 | 0 |
_aPrinciples and practice of property valuation in Australia / _cedited by David Parker. |
| 250 | _aThird edition. | ||
| 260 |
_aLondon : _bRoutledge, _c2021. |
||
| 300 |
_a1 online resource : _billustrations (black and white) |
||
| 336 |
_atext _2rdacontent |
||
| 336 |
_astill image _2rdacontent |
||
| 337 |
_acomputer _2rdamedia |
||
| 338 |
_aonline resource _2rdacarrier |
||
| 504 | _aIncludes bibliographical references and index. | ||
| 505 | 0 | _aPart 1: Principles 1.Legal principles 2. Economic principles 3. Planning principles 4. Policy principles 5. Finance principles 6. Valuation principles Part 2: Practice Section 1. Valuation practice for conventional property sectors 7. Residential property valuation 8. Office property valuation 9. Retail property valuation10. Industrial property valuation 11. Rural property valuation Section 2. Valuation practice for specialist property sectors 12. Retirement and aged care property valuation13. Leisure property valuation 14. Plant and equipment valuation 15. Business and intangible asset valuation Section 3. Valuation practice for specific purposes16. Valuation for rental purposes 17. Valuation for financial reporting purposes 18. Valuation for secured lending purposes19. Valuation for insurance purposes 20. Valuation for statutory purposes | |
| 520 | 8 | _a"This book provides a clear outline of the key principles underlying property valuation and the current techniques and issues in the practice of valuation for the major sectors of the Australian real estate market"-- | |
| 588 | _aDescription based on CIP data; resource not viewed. | ||
| 650 | 0 |
_aValuation _zAustralia. |
|
| 650 | 0 | _aEBOOK | |
| 650 | 0 |
_aReal property _xValuation _zAustralia. |
|
| 650 | 7 | _aEconomics | |
| 650 | 7 | _aThe environment | |
| 650 | 7 | _aUrban communities | |
| 650 | 7 | _aUrban economics | |
| 650 | 7 | _aProperty & real estate | |
| 650 | 7 | _aJurisprudence & general issues | |
| 650 | 7 | _aInternational law | |
| 650 | 7 | _aBuilding construction & materials | |
| 650 | 7 | _aConstruction & heavy industry | |
| 690 |
_96273 _aValuation |
||
| 700 | 1 |
_aParker, David, _eeditor. |
|
| 776 | 0 | 8 |
_iPrint version : _z9780367503406 |
| 856 | 4 | 0 |
_uhttps://www.vlebooks.com/vleweb/product/openreader?id=RICS&accId=9491556&isbn=9781000441840 _zView on VLEbooks. Logins for members only from [email protected] |
| 999 |
_c121359 _d121359 |
||